Law of contract : Third edition; Volume two

Bibliographic Details
Main Author: Sinnadurai, Seri Visu
Format: Book
Published: Kuala Lumpur : Butterworths , 2003
Subjects:
Law

MARC

LEADER 00000cam a2200000 7i4500
001 0000016596
005 20080428.0
008 080428
020 |a 9679624455 
090 0 0 |a 340   |b SIN 
100 0 |a Sinnadurai, Seri Visu 
245 1 0 |a Law of contract :   |b Third edition; Volume two   |c Seri Visu Sinnadurai 
260 |a Kuala Lumpur :   |b Butterworths ,   |c 2003 
650 0 |a Law 
999 |a 0001011611   |b Book   |c REFERENCE   |e Perbadanan Perpustakaan Awam Johor 
999 |a 0001011612   |b Book   |c REFERENCE   |e Perbadanan Perpustakaan Awam Johor